Normal view
MARC view
Entry Personal Name
001 - CONTROL NUMBER
- control field: 12949
003 - CONTROL NUMBER IDENTIFIER
- control field: BD-RjUL
005 - DATE AND TIME OF LATEST TRANSACTION
- control field: 20240509131505.0
008 - FIXED-LENGTH DATA ELEMENTS
- fixed length control field: 240509|| aca||aabn | a|a d
040 ## - CATALOGING SOURCE
- Original cataloging agency: BD-RjUL
- Transcribing agency: BD-RjUL
100 ## - HEADING--PERSONAL NAME
- Personal name: Zuberi, (1). M. I. Supervisor
670 ## - SOURCE DATA FOUND
- Source citation: Work cat.: (BD-RjUL)83711: Mannan, Shaikh Abdul 12947, Selection of Potential Crosses for High Yield and Against White Leaf Disease of Sugarcane (Saccharum Officinarum) /, 1996